Puntos de educación: formar al hombre, formar al cristiano, formar al jefe

Zapisane w:
Opis bibliograficzny
1. autor: Hurtado Cruchaga, Alberto (Autor)
Format: Książka
Język:hiszpański
Wydane: Santiago Splendor 1942
Hasła przedmiotowe:
Etykiety: Dodaj etykietę
Nie ma etykietki, Dołącz pierwszą etykiete!

MARC

LEADER 00000nam a2200000 a 4500
001 UCZ8609
003 CL-VaPUC
005 20250103100350.0
008 960121e19420000CL |||||||||||||||||spa|d
999 |c 244468  |d 244466 
040 |c Pontificia Universidad Católica de Valparaíso 
082 0 4 |a 370.15  |b HUR  |2 21 
100 |a Hurtado Cruchaga, Alberto  |e author  |9 858078 
245 1 0 |a Puntos de educación: formar al hombre, formar al cristiano, formar al jefe 
260 |a Santiago  |b Splendor  |c 1942 
300 |a 316 p 
583 |a last modification  |c 19960121 00:00:00  |k Rodrigo Vera 
650 0 |a Psicología educacional   |9 307830 
650 7 |a HABITOS  |2 CL-VaPUC  |9 311931 
650 0 |a Iglesia Católica  |9 256114 
650 0 |a Educación religiosa   |9 308312 
650 7 |a PAPEL DE LA EDUCACION  |2 CL-VaPUC  |9 338800 
852 |a BIBCUR 
942 |c BK  |2 ddc 
945 |d 19960121 00:00:00  |a lriquelm 
952 |0 0  |1 0  |4 0  |6 370_150000000000000_HUR_1942  |7 0  |8 P  |9 258537  |a BIBEDU  |b BIBEDU  |c BIBEDU_PB  |d 2019-11-19  |i 1618164  |o 370.15 HUR 1942  |p 1618164  |r 2024-01-25  |w 2019-11-19  |y BK  |k EDU